| 000 | 00975cam a22003133a 4500 | ||
|---|---|---|---|
| 999 |
_c2010 _d2010 |
||
| 001 | 15664277 | ||
| 003 | OSt | ||
| 005 | 20180922144248.0 | ||
| 008 | 860327s1983 ilu 000 0 eng d | ||
| 010 | _a 2009389052 | ||
| 020 | _a0802402577 | ||
| 035 | _a(OCoLC)ocm13353646 | ||
| 035 | _a(OCoLC)13353646 | ||
| 040 |
_aTCT _cTCT _dYDXCP _dOCLCG _dDLC |
||
| 042 | _alccopycat | ||
| 050 | 0 | 0 | _aCPB Box no. 2845 vol. 18 |
| 082 |
_a301.42 _bM1161Y |
||
| 100 | 1 |
_aMacArthur, John, _d1939- |
|
| 245 | 1 | 0 |
_aYour family / _cby John MacArthur, Jr. |
| 260 |
_aChicago : _bMoody Press, _cc1983. |
||
| 300 |
_a188 p. ; _c18 cm. |
||
| 500 | _aExpanded for group study from The Family. | ||
| 650 | 0 |
_aMarriage _xReligious aspects _xChristianity. |
|
| 650 | 0 |
_aFamilies _xReligious life. |
|
| 710 | 2 |
_aCopyright Paperback Collection (Library of Congress) _5DLC |
|
| 906 |
_a7 _bcbc _ccopycat _d2 _encip _f20 _gy-genrareb |
||
| 942 |
_2ddc _cBK |
||